00930nam a2200241 4500001000700000003000900007005001700016007000300033008004100036080003100077080002300108100002000131245013400151260006600285300002900351490007500380500003200455610002900487650002700516651004500543830007500588852002500663180190ES-MaACL20230906221027.0t|120516s1909 sp r ||||1| spa d a738.033.5(460.313 Manises) a728.81(450.721 N.)1 aOsma, G. J. de.14aLas divisas del Rey en los pavimentos de "obra de Manises" del castillo de Nápoles b: (años 1446-1458) / cpor G.J. de Osma. aMadrid : b[s.n.], c1909 (fImp. de Hijos de Manuel Ginés) a88 p. : bil. ; c29 cm.1 aApuntes sobre cerámica morisca. Textos y documentos valencianos ;v3 aEjemplar numerado, nº 108.24aCastel Nuovo (Nápoles) 4aCerámica de Manises. 4aNápoles-xEdificios, estructuras, etc.0 aApuntes sobre cerámica morisca. Textos y documentos valencianos ;v3 aES-MaACLjB-11471(3)